[Event "Kavala GRE, 20th Open"]
[Site "Kavala GRE"]
[Date "2011.07.31"]
[Round "3"]
[White "Botsari, A."]
[Black "Hrisomalis, T."]
[Result "1-0"]
[WhiteElo "2326"]
[BlackElo "2078"]
[PlyCount "95"]
[EventDate "2011.07.30"]
[EventRounds "9"]
[EventCountry "GRE"]

1. d4 d5 2. c4 e6 3. Nf3 Be7 4. Nc3 Nf6 5. Bg5 Nbd7 6. e3 O-O 7. Qc2 a6 8. Rd1
Re8 9. a3 b6 10. cxd5 exd5 11. Bd3 Bb7 12. O-O Ne4 13. Bf4 Ndf6 14. Ne5 Nxc3
15. Qxc3 h6 16. Nc6 Qd7 17. Nxe7+ Rxe7 18. Bb1 Nh7 19. Rc1 Rc8 20. Qd3 Nf8 21.
Rc3 c5 22. dxc5 bxc5 23. Rd1 d4 24. exd4 Rce8 25. f3 Re2 26. Bc2 cxd4 27. Rc4
Qb5 28. Rb4 Qd7 29. Rxd4 Qe6 30. Bg3 Qb6 31. b4 R2e3 32. Qd2 Re2 33. Qd3 R2e3
34. Qf5 Rd8 35. Qc5 Qxc5 36. bxc5 Rxd4 37. Rxd4 Ne6 38. Rc4 Bd5 39. Rb4 g5 40.
Bf5 Rc3 41. Rb8+ Nf8 42. Bd6 Rc1+ 43. Kf2 Kg7 44. Bxf8+ Kf6 45. g4 Ke5 46. Bd6+
Kd4 47. Rb4+ Bc4 48. Rb1 1-0

[Event "Kavala GRE, 20th Open"]
[Site "Kavala GRE"]
[Date "2011.07.31"]
[Round "3"]
[White "Charkhalashvili, I."]
[Black "Michelakos, P."]
[Result "1-0"]
[WhiteElo "2355"]
[BlackElo "2111"]
[PlyCount "61"]
[EventDate "2011.07.30"]
[EventRounds "9"]
[EventCountry "GRE"]

1. d4 Nf6 2. Nf3 e6 3. g3 b6 4. Bg2 Bb7 5. c4 Be7 6. O-O O-O 7. Nc3 Ne4 8. Qc2
Nxc3 9. bxc3 f5 10. Ne1 Qc8 11. e4 d6 12. d5 Ba6 13. dxe6 Bxc4 14. exf5 c6 15.
Nd3 Rxf5 16. Re1 Rf8 17. Nf4 d5 18. Bh3 g5 19. Ng6 Qe8 20. Nxf8 Qxf8 21. Re5
Qg7 22. Rf5 Qg6 23. Qd1 Bf6 24. Qf3 Kg7 25. Bxg5 Bxg5 26. Rf7+ Kg8 27. Bf5 Qh6
28. Bxh7+ Kh8 29. Qf5 Nd7 30. exd7 d4 31. Qe5+ 1-0

[Event "Kavala GRE, 20th Open"]
[Site "Kavala GRE"]
[Date "2011.07.31"]
[Round "3"]
[White "Filippas, S."]
[Black "Mastrovasilis, A."]
[Result "1/2-1/2"]
[WhiteElo "2246"]
[BlackElo "2537"]
[PlyCount "143"]
[EventDate "2011.07.30"]
[EventRounds "9"]
[EventCountry "GRE"]

1. e4 e5 2. Nf3 Nc6 3. Bc4 Nf6 4. Ng5 d5 5. exd5 Na5 6. Bb5+ Bd7 7. Qe2 Be7 8.
O-O Nxd5 9. Bxd7+ Qxd7 10. Nf3 Nf4 11. Qxe5 Qg4 12. g3 Nh3+ 13. Kg2 Nc6 14. Qe3
O-O-O 15. d3 Rhe8 16. Qe4 h5 17. Nc3 Bf6 18. Qc4 Bd4 19. Nd5 Nxf2 20. Rxf2 Bxf2
21. Kxf2 Qf5 22. Ne3 Qh3 23. Qf4 Re6 24. Qf5 Qxf5 25. Nxf5 g6 26. Ne3 Rf6 27.
Ke2 Re8 28. c3 Ne7 29. d4 Nf5 30. Kf2 Nd6 31. Nd5 Rf5 32. Ne3 Rf6 33. Nd5 Rf5
34. Ne3 Ne4+ 35. Kg2 Rf6 36. Nd5 Rd6 37. Nxc7 Kxc7 38. Bf4 Kc6 39. Bxd6 Nxd6
40. Re1 Rxe1 41. Nxe1 b5 42. Nc2 Nc4 43. Nb4+ Kd6 44. Nd3 a5 45. Kf2 Kd5 46.
Ke2 g5 47. b3 Nd6 48. Nf2 b4 49. cxb4 axb4 50. Nd3 Kxd4 51. Nxb4 Kc3 52. Nd3
Nf5 53. b4 Nd4+ 54. Ke3 f5 55. Ne1 Ne6 56. b5 Nc7 57. a4 Nd5+ 58. Ke2 Kb4 59.
Nf3 g4 60. Nd4 f4 61. gxf4 Nxf4+ 62. Ke3 Nd5+ 63. Ke4 Nc3+ 64. Kf5 Nxa4 65. Kg5
Kc5 66. Nf5 Kxb5 67. Kxh5 Kc6 68. Kxg4 Kd7 69. Kg5 Ke6 70. Kg6 Nb6 71. h4 Nd5
72. h5 1/2-1/2

[Event "Kavala GRE, 20th Open"]
[Site "Kavala GRE"]
[Date "2011.07.31"]
[Round "3"]
[White "Gupta, A."]
[Black "Margvelashvili, G."]
[Result "1/2-1/2"]
[WhiteElo "2627"]
[BlackElo "2525"]
[PlyCount "112"]
[EventDate "2011.07.30"]
[EventRounds "9"]
[EventCountry "GRE"]

1. d4 Nf6 2. c4 e6 3. Nf3 b6 4. g3 Bb7 5. Bg2 Be7 6. O-O O-O 7. Re1 c5 8. d5
exd5 9. Nh4 Ne4 10. cxd5 Bxh4 11. Bxe4 Bf6 12. Qc2 h6 13. Bf4 d6 14. Nd2 Qe7
15. Nc4 Rd8 16. Rad1 Ba6 17. Ne3 Bc8 18. Bf5 Bd4 19. Rd3 Na6 20. a3 Bxe3 21.
Rxe3 Bxf5 22. Qxf5 Qd7 23. Qh5 Nc7 24. Rf3 Ne8 25. Bd2 f6 26. e4 Qf7 27. Qg4
Kh7 28. h4 Nc7 29. a4 Qd7 30. Qf4 Rf8 31. b3 b5 32. b4 bxa4 33. bxc5 dxc5 34.
Qe3 Qb5 35. Qf4 Qd7 36. Qe3 Qb5 37. Rf5 Rae8 38. Qf3 Qd7 39. Be3 c4 40. Rc1 Nb5
41. e5 c3 42. exf6 g6 43. Rf4 Re5 44. d6 Rf7 45. Bd4 Re6 46. Bxc3 Nxc3 47. Qxc3
Qxd6 48. h5 Rexf6 49. hxg6+ Kxg6 50. Rd4 Qb6 51. Rg4+ Kh7 52. Qd3+ Rg6 53. Rc2
Qe6 54. Rxa4 a5 55. Re2 Qf5 56. Qxf5 Rxf5 1/2-1/2

[Event "Kavala GRE, 20th Open"]
[Site "Kavala GRE"]
[Date "2011.07.31"]
[Round "3"]
[White "Halkias, S."]
[Black "Kanmazalp, O."]
[Result "1-0"]
[WhiteElo "2600"]
[BlackElo "2412"]
[PlyCount "85"]
[EventDate "2011.07.30"]
[EventRounds "9"]
[EventCountry "GRE"]

1. c4 Nf6 2. Nc3 g6 3. g3 Bg7 4. Bg2 O-O 5. Nf3 d6 6. O-O Nc6 7. d3 Nh5 8. Rb1
f5 9. e3 e5 10. Nd2 a5 11. a3 Be6 12. Nd5 Qd7 13. Nf3 Kh8 14. b4 axb4 15. axb4
Bg8 16. Bb2 Nf6 17. b5 Nd8 18. e4 fxe4 19. dxe4 Ne6 20. Nxf6 Bxf6 21. Bxe5 Bxe5
22. Nxe5 Qg7 23. Ng4 Nd4 24. Qd3 Ra2 25. Rbd1 Ne6 26. Ne3 Rfa8 27. b6 R8a3 28.
Qb1 c5 29. e5 Qxe5 30. Qe4 Qxe4 31. Bxe4 Nd4 32. Bxb7 Rb2 33. Rb1 Rab3 34. Rxb2
Rxb2 35. Nd5 Nf3+ 36. Kg2 Ne5 37. Ra1 Nxc4 38. Ra8 Kg7 39. Ra7 Kh6 40. Nf6 Be6
41. Bc6 g5 42. Re7 Bf5 43. Ng8+ 1-0

[Event "Kavala GRE, 20th Open"]
[Site "Kavala GRE"]
[Date "2011.07.31"]
[Round "3"]
[White "Kanakaris, G."]
[Black "Kolev, A."]
[Result "0-1"]
[WhiteElo "2281"]
[BlackElo "2590"]
[PlyCount "119"]
[EventDate "2011.07.30"]
[EventRounds "9"]
[EventCountry "GRE"]

1. d4 Nf6 2. c4 e6 3. Nf3 d5 4. Nc3 dxc4 5. e3 a6 6. a4 c5 7. Bxc4 Nc6 8. O-O
Be7 9. dxc5 Bxc5 10. Qxd8+ Kxd8 11. Rd1+ Ke7 12. Bd2 b6 13. Rac1 Bb7 14. Na2
Rhc8 15. b4 Bd6 16. Be1 Ne5 17. Nxe5 Bxe5 18. Bb3 Bd5 19. Bxd5 Nxd5 20. e4 Rxc1
21. Rxc1 Nf4 22. Rd1 Rd8 23. Rxd8 Kxd8 24. g3 Nd3 25. Kf1 Kc7 26. Ke2 Nxe1 27.
Kxe1 Kc6 28. Ke2 Bb2 29. Kd3 b5 30. a5 f5 31. Nc3 Kd6 32. exf5 exf5 33. Ne2 Ke5
34. f3 g6 35. h3 Kd5 36. Nf4+ Kd6 37. Ne2 Ke5 38. Nf4 Kd6 39. Ne2 Be5 40. f4
Bf6 41. Nd4 Kd5 42. Nc2 Be7 43. h4 Bd6 44. Ne3+ Ke6 45. Nc2 Bb8 46. h5 gxh5 47.
Nd4+ Kf6 48. Nf3 Bd6 49. Kc3 Bb8 50. Kd3 Bc7 51. Kd4 Bd6 52. Kc3 Ke6 53. Ng5+
Kd5 54. Nxh7 Be7 55. Kd3 Bxb4 56. Nf6+ Ke6 57. Nxh5 Kf7 58. g4 fxg4 59. Ng3
Bxa5 60. Ne4 0-1

[Event "Kavala GRE, 20th Open"]
[Site "Kavala GRE"]
[Date "2011.07.31"]
[Round "3"]
[White "Kohlweyer, B."]
[Black "Zysk, R."]
[Result "1-0"]
[WhiteElo "2494"]
[BlackElo "2437"]
[PlyCount "51"]
[EventDate "2011.07.30"]
[EventRounds "9"]
[EventCountry "GRE"]

1. d4 f5 2. c4 Nf6 3. Nc3 d6 4. Bg5 Nbd7 5. Qc2 g6 6. h4 Bg7 7. Nh3 e5 8. dxe5
dxe5 9. h5 c6 10. O-O-O h6 11. Be3 Qe7 12. hxg6 Nf8 13. f3 h5 14. g3 Nxg6 15.
Nf2 Qf7 16. Bh3 e4 17. fxe4 Ng4 18. Bxg4 fxg4 19. Rdf1 O-O 20. Rxh5 Ne5 21.
Rfh1 Qxc4 22. Nd3 Ng6 23. Rg5 Qf7 24. Nf4 Nxf4 25. gxf4 Rd8 26. e5 1-0

[Event "Kavala GRE, 20th Open"]
[Site "Kavala GRE"]
[Date "2011.07.31"]
[Round "3"]
[White "Kosic, D."]
[Black "Galopoulos, N."]
[Result "1-0"]
[WhiteElo "2483"]
[BlackElo "2327"]
[PlyCount "95"]
[EventDate "2011.07.30"]
[EventRounds "9"]
[EventCountry "GRE"]

1. d4 Nf6 2. Nf3 e6 3. Bg5 c5 4. e3 b6 5. d5 h6 6. Bxf6 Qxf6 7. Nc3 Bb7 8. e4
e5 9. a4 a6 10. Nd2 d6 11. Be2 Nd7 12. Nc4 Rb8 13. Ra3 Be7 14. Bg4 Bc8 15. Rb3
Bd8 16. O-O Bc7 17. Qd3 h5 18. Bh3 O-O 19. Ne3 c4 20. Qxc4 Nc5 21. Bxc8 Rfxc8
22. Ra3 b5 23. axb5 axb5 24. Nxb5 Bb6 25. Nf5 Ne6 26. Qa4 Nc5 27. Qb4 Nd7 28.
Rf3 Rxc2 29. Nfxd6 Qg6 30. Nf5 Qg5 31. h4 Bc5 32. hxg5 Bxb4 33. Na7 Re8 34. Rb3
Bd2 35. Rb7 Nc5 36. Rc7 Rb8 37. Nc6 Rbxb2 38. g6 fxg6 39. Rxg7+ Kf8 40. Rxg6
Nxe4 41. Nxe5 Bc3 42. Nd3 Rb5 43. Nf4 Rbb2 44. Nd3 Rb5 45. Rc6 Rd2 46. Nf4 Ba5
47. Rc4 Nf6 48. Rc8+ 1-0

[Event "Kavala GRE, 20th Open"]
[Site "Kavala GRE"]
[Date "2011.07.31"]
[Round "3"]
[White "Maiorov, N."]
[Black "Solak, D."]
[Result "0-1"]
[WhiteElo "2535"]
[BlackElo "2598"]
[PlyCount "142"]
[EventDate "2011.07.30"]
[EventRounds "9"]
[EventCountry "GRE"]

1. d4 d6 2. g3 g6 3. Bg2 Bg7 4. Nf3 Nf6 5. O-O O-O 6. c4 Nbd7 7. Qc2 e5 8. Rd1
Qe7 9. Nc3 c6 10. b3 Re8 11. e4 exd4 12. Nxd4 Nc5 13. f3 Nfd7 14. Nce2 a5 15.
Rb1 h5 16. h3 Nf8 17. Qd2 Nh7 18. a3 Bf6 19. b4 axb4 20. axb4 Ne6 21. Nb3 h4
22. gxh4 Bxh4 23. f4 Rd8 24. Bb2 Bf6 25. Qe3 Ra2 26. Rd2 Bxb2 27. Rbxb2 Rxb2
28. Rxb2 Ng7 29. Nbd4 Re8 30. Qf2 Nf6 31. Ng3 Ngh5 32. Nde2 Nxg3 33. Nxg3 Nh7
34. Rd2 Qh4 35. Ne2 Qh6 36. Rd3 Nf6 37. Qd4 Qh4 38. Ng3 Re7 39. Rf3 Ne8 40. Nf1
Qe1 41. Rb3 Be6 42. f5 Bc8 43. c5 Qh4 44. cxd6 Rd7 45. fxg6 fxg6 46. Qc4+ Kh7
47. Rd3 Qf4 48. Qe6 Ng7 49. Qg4 Qf6 50. Qg3 Nh5 51. e5 Nxg3 52. exf6 Nf5 53.
Ne3 Nxd6 54. Ng4 Nf7 55. Rxd7 Bxd7 56. Be4 Bxg4 57. hxg4 Kh6 58. b5 cxb5 59.
Bd5 Ne5 60. Be6 g5 61. Bf5 b4 62. Kf1 b3 63. Ke1 b2 64. Kd2 Nxg4 65. f7 Kg7 66.
Kc3 Ne3 67. Be4 Nd1+ 68. Kd2 Nf2 69. Bg6 g4 70. Ke3 Nd1+ 71. Kd4 g3 0-1

[Event "Kavala GRE, 20th Open"]
[Site "Kavala GRE"]
[Date "2011.07.31"]
[Round "3"]
[White "Mamedov, N."]
[Black "Mastrovasilis, D."]
[Result "1/2-1/2"]
[WhiteElo "2575"]
[BlackElo "2604"]
[PlyCount "60"]
[EventDate "2011.07.30"]
[EventRounds "9"]
[EventCountry "GRE"]

1. e4 e5 2. Nf3 Nc6 3. Bb5 Nf6 4. O-O Nxe4 5. Re1 Nd6 6. Nxe5 Be7 7. Bf1 Nxe5
8. Rxe5 O-O 9. Nc3 Ne8 10. Nd5 Bd6 11. Re1 c6 12. Ne3 Bc7 13. Nf5 d5 14. Ne7+
Kh8 15. Nxc8 Rxc8 16. d4 Nf6 17. g3 Qd7 18. c3 Rce8 19. Be3 Ne4 20. f3 Nd6 21.
Qc2 Re7 22. Bf2 Rfe8 23. Rxe7 Rxe7 24. b3 g6 25. Bd3 Kg8 26. Rd1 Nf5 27. Qd2
Re8 28. Re1 Rxe1+ 29. Qxe1 Qe7 30. Qxe7 Nxe7 1/2-1/2

[Event "Kavala GRE, 20th Open"]
[Site "Kavala GRE"]
[Date "2011.07.31"]
[Round "3"]
[White "Markidis, K."]
[Black "Galopoulos, P."]
[Result "1/2-1/2"]
[WhiteElo "2330"]
[BlackElo "2090"]
[PlyCount "35"]
[EventDate "2011.07.30"]
[EventRounds "9"]
[EventCountry "GRE"]

1. e4 d5 2. exd5 Qxd5 3. Nc3 Qa5 4. Bc4 Nf6 5. h3 e6 6. Nf3 Bb4 7. O-O O-O 8.
Re1 Rd8 9. a3 Bxc3 10. bxc3 c5 11. Bd3 Qc7 12. c4 Nc6 13. Bb2 Nd4 14. Nxd4 cxd4
15. Qe2 Qd6 16. Qe5 Qxe5 17. Rxe5 b6 18. a4 1/2-1/2

[Event "Kavala GRE, 20th Open"]
[Site "Kavala GRE"]
[Date "2011.07.31"]
[Round "3"]
[White "Nikolov, Momchil"]
[Black "Kaplan, S."]
[Result "1-0"]
[WhiteElo "2589"]
[BlackElo "2436"]
[PlyCount "95"]
[EventDate "2011.07.30"]
[EventRounds "9"]
[EventCountry "GRE"]

1. d4 d5 2. Nf3 Nf6 3. c4 c6 4. Nc3 dxc4 5. e3 b5 6. a4 b4 7. Na2 e6 8. Bxc4
Nbd7 9. O-O Bb7 10. Qe2 Be7 11. Rd1 O-O 12. Bd2 a5 13. Nc1 Qb6 14. Nb3 c5 15.
Be1 Rfd8 16. Bb5 Bd5 17. Nfd2 cxd4 18. Nxd4 Ne5 19. f3 Nc6 20. N4b3 Ne5 21. Bf2
Bc6 22. e4 Qb7 23. Bxc6 Qxc6 24. Rdc1 Qb7 25. Nc4 Nxc4 26. Rxc4 Nd7 27. Qc2 Bd6
28. Rd1 Be5 29. g3 Qb8 30. f4 Bf6 31. e5 Nb6 32. Rc6 Rxd1+ 33. Qxd1 Bd8 34. Nc5
Ra7 35. Qd6 Qxd6 36. Rxd6 Bc7 37. Rc6 Bd8 38. Rd6 Bc7 39. Rc6 Bd8 40. Nb3 Rb7
41. Rd6 Bc7 42. Nxa5 Rb8 43. Nc6 Ra8 44. Ne7+ Kf8 45. Bxb6 Bxd6 46. exd6 Ke8
47. a5 Kd7 48. Bc7 1-0

[Event "Kavala GRE, 20th Open"]
[Site "Kavala GRE"]
[Date "2011.07.31"]
[Round "3"]
[White "Papadimitriou, L."]
[Black "Raeva, E."]
[Result "0-1"]
[WhiteElo "2166"]
[BlackElo "2324"]
[PlyCount "90"]
[EventDate "2011.07.30"]
[EventRounds "9"]
[EventCountry "GRE"]

1. d4 Nf6 2. Bg5 d5 3. Nd2 c6 4. e3 Nbd7 5. Ngf3 g6 6. c4 Bg7 7. Qb3 O-O 8.
cxd5 cxd5 9. Bd3 Nb6 10. Rc1 Be6 11. O-O Ne4 12. Bf4 Nd6 13. Ng5 Bf5 14. Bxf5
gxf5 15. Qd3 e6 16. b3 Ne4 17. Ngf3 Rc8 18. h3 Qe7 19. Nb1 a6 20. Be5 f6 21.
Bh2 Kh8 22. Nh4 Bh6 23. f3 Bg5 24. Nxf5 exf5 25. fxe4 dxe4 26. Qe2 Nd5 27. Rxc8
Rxc8 28. Bf4 Bxf4 29. exf4 Qb4 30. Rd1 Nxf4 31. Qf2 Nd3 32. Qxf5 Qxd4+ 33. Kh2
Qd6+ 34. Kg1 Qc5+ 35. Qxc5 Rxc5 36. Nd2 f5 37. g4 Rd5 38. gxf5 Nb2 39. Re1 Rxd2
40. Rxe4 Rd7 41. f6 Kg8 42. Rg4+ Kf7 43. Rg7+ Ke6 44. Kf2 Nd3+ 45. Ke3 Nb4 0-1

[Event "Kavala GRE, 20th Open"]
[Site "Kavala GRE"]
[Date "2011.07.31"]
[Round "3"]
[White "Pavlidis, A."]
[Black "Atalik, S."]
[Result "1/2-1/2"]
[WhiteElo "2420"]
[BlackElo "2619"]
[PlyCount "85"]
[EventDate "2011.07.30"]
[EventRounds "9"]
[EventCountry "GRE"]

1. e4 e5 2. Nf3 Nc6 3. d4 exd4 4. Nxd4 Nf6 5. Nxc6 bxc6 6. e5 Qe7 7. Qe2 Nd5 8.
c4 Ba6 9. Qe4 Nf6 10. Qe2 Nd5 11. b3 g6 12. f4 d6 13. Qd2 Nb6 14. Bb2 dxe5 15.
Be2 Bg7 16. Qa5 Bb7 17. O-O c5 18. Nd2 O-O 19. fxe5 Bxe5 20. Bxe5 Qxe5 21. Bf3
Rab8 22. Qxa7 Ba8 23. Kh1 Rfe8 24. Bxa8 Rxa8 25. Qb7 Rab8 26. Qf3 f5 27. Qf2
Qd4 28. Nf3 Qxf2 29. Rxf2 Nd7 30. Rd2 Nf6 31. Kg1 Ra8 32. Rd3 Ra3 33. h3 Kg7
34. Rd2 h6 35. Re1 Rxe1+ 36. Nxe1 Ne4 37. Rd7+ Kf6 38. Rxc7 Rxa2 39. Nd3 Ra1+
40. Kh2 Rb1 41. Nxc5 Nxc5 42. Rxc5 Rxb3 43. h4 1/2-1/2

[Event "Kavala GRE, 20th Open"]
[Site "Kavala GRE"]
[Date "2011.07.31"]
[Round "3"]
[White "Raznikov, D."]
[Black "Svetushkin, D."]
[Result "0-1"]
[WhiteElo "2434"]
[BlackElo "2576"]
[PlyCount "86"]
[EventDate "2011.07.30"]
[EventRounds "9"]
[EventCountry "GRE"]

1. d4 d5 2. Nf3 Nf6 3. c4 c6 4. e3 Bf5 5. Nc3 e6 6. Nh4 Be4 7. f3 Bg6 8. Qb3
Qc7 9. Bd2 Be7 10. g3 O-O 11. Nxg6 hxg6 12. Rc1 dxc4 13. Bxc4 Nbd7 14. O-O Rad8
15. Ne4 Nxe4 16. fxe4 Bg5 17. Bd3 c5 18. Qa3 Qb8 19. Rfd1 b6 20. Bf1 Nf6 21.
Bg2 Rd7 22. e5 Nd5 23. dxc5 bxc5 24. h4 Be7 25. e4 Nb4 26. Bc3 Nd3 27. Bf1 c4
28. Qa4 Qb6+ 29. Kh2 Qf2+ 30. Bg2 Bxh4 31. Qxd7 Qxg3+ 32. Kh1 Bg5 33. Be1 Qg4
34. Rxd3 cxd3 35. Rc8 Rxc8 36. Qxc8+ Kh7 37. Qc3 Qh5+ 38. Kg1 Be3+ 39. Bf2 Qd1+
40. Bf1 Qg4+ 41. Bg2 d2 42. Qc2 d1=Q+ 43. Kh2 Qh5+ 0-1

[Event "Kavala GRE, 20th Open"]
[Site "Kavala GRE"]
[Date "2011.07.31"]
[Round "3"]
[White "Sandipan, C."]
[Black "Nikolaou, G."]
[Result "1-0"]
[WhiteElo "2656"]
[BlackElo "2248"]
[PlyCount "67"]
[EventDate "2011.07.30"]
[EventRounds "9"]
[EventCountry "GRE"]

1. d4 Nf6 2. c4 g6 3. Nc3 Bg7 4. e4 d6 5. f3 O-O 6. Nge2 c5 7. d5 a6 8. a4 Nbd7
9. Ng3 h5 10. Be2 Re8 11. O-O e6 12. Bg5 exd5 13. cxd5 Qa5 14. Qd2 Nh7 15. Be3
Qd8 16. Nh1 Qe7 17. Nf2 Rb8 18. Rab1 f5 19. b4 g5 20. f4 cxb4 21. Rxb4 g4 22.
Bd4 Bxd4 23. Qxd4 Nhf6 24. Bd3 Nc5 25. e5 Nh7 26. Rb6 Nxd3 27. Nxd3 Rd8 28. Re1
Qf8 29. e6 Qe7 30. Nd1 Qf6 31. Qxf6 Nxf6 32. Ne3 Kh7 33. Nxf5 Nxd5 34. Rxd6 1-0

[Event "Kavala GRE, 20th Open"]
[Site "Kavala GRE"]
[Date "2011.07.31"]
[Round "3"]
[White "Zubarev, A."]
[Black "Marjanovic, S."]
[Result "1/2-1/2"]
[WhiteElo "2597"]
[BlackElo "2469"]
[PlyCount "29"]
[EventDate "2011.07.30"]
[EventRounds "9"]
[EventCountry "GRE"]

1. Nf3 Nf6 2. g3 g6 3. Bg2 Bg7 4. O-O O-O 5. c4 c6 6. d4 d6 7. Nc3 Qa5 8. e4 e5
9. h3 Nbd7 10. Re1 exd4 11. Nxd4 Ne5 12. Bf1 Re8 13. Be3 Be6 14. Nxe6 Rxe6 15.
f4 1/2-1/2

[Event "Kavala GRE, 20th Open"]
[Site "Kavala GRE"]
[Date "2011.08.01"]
[Round "4"]
[White "Atalik, S."]
[Black "Hadzimanolis, A."]
[Result "1-0"]
[WhiteElo "2619"]
[BlackElo "2322"]
[PlyCount "87"]
[EventDate "2011.07.30"]
[EventRounds "9"]
[EventCountry "GRE"]

1. d4 Nf6 2. c4 e6 3. Nc3 d5 4. Nf3 c6 5. g3 Nbd7 6. Bg2 Bd6 7. O-O O-O 8. Nd2
Bb4 9. Qb3 Bxc3 10. bxc3 Re8 11. Ba3 e5 12. cxd5 cxd5 13. Bxd5 Nxd5 14. Qxd5
Nb6 15. Qxd8 Rxd8 16. Rfd1 exd4 17. cxd4 Rxd4 18. Bc5 Rd8 19. Bxb6 axb6 20. Nc4
Rf8 21. Nxb6 Ra6 22. Rdb1 Be6 23. a4 g6 24. a5 Rd8 25. Rb5 Rd2 26. Re5 Kg7 27.
Rc1 Ra2 28. Rcc5 Kf6 29. Kg2 g5 30. f3 h6 31. h4 g4 32. f4 Bb3 33. h5 Kg7 34.
Kf2 Bd1 35. f5 Bxe2 36. Rxe2 R2xa5 37. Nd7 Rxc5 38. Nxc5 Ra5 39. Re5 b6 40. Nd7
f6 41. Rxa5 bxa5 42. Nc5 Kf7 43. Ke3 Ke7 44. Kd4 1-0

[Event "Kavala GRE, 20th Open"]
[Site "Kavala GRE"]
[Date "2011.08.01"]
[Round "4"]
[White "Botsari, A."]
[Black "Sandipan, C."]
[Result "0-1"]
[WhiteElo "2326"]
[BlackElo "2656"]
[PlyCount "90"]
[EventDate "2011.07.30"]
[EventRounds "9"]
[EventCountry "GRE"]

1. d4 Nf6 2. c4 g6 3. Nc3 Bg7 4. e4 d6 5. f3 a6 6. Be3 O-O 7. Qd2 Nc6 8. Nge2
Rb8 9. d5 Ne5 10. Nd4 c5 11. Nc2 e6 12. a4 exd5 13. cxd5 Nh5 14. Be2 f5 15. O-O
f4 16. Bf2 a5 17. Na3 g5 18. Nc4 Nxc4 19. Bxc4 g4 20. fxg4 Bxg4 21. Rfe1 Be5
22. Ra3 Rf7 23. Nd1 Rg7 24. Kh1 Kh8 25. Bf1 Qf6 26. h3 Rbg8 27. Rb3 f3 28. hxg4
Ng3+ 29. Bxg3 Bxg3 30. gxf3 Qh4+ 31. Kg1 Bxe1 32. Qh2 Qf6 33. Qe2 Qd4+ 34. Kh1
c4 35. Ra3 Bb4 36. Ne3 Bxa3 37. bxa3 c3 38. Qd3 Qxd3 39. Bxd3 h5 40. Kg2 hxg4
41. fxg4 Rxg4+ 42. Nxg4 Rxg4+ 43. Kf3 Rh4 44. Ke3 Rh2 45. e5 Kg7 0-1

[Event "Kavala GRE, 20th Open"]
[Site "Kavala GRE"]
[Date "2011.08.01"]
[Round "4"]
[White "Burmakin, V."]
[Black "Shanmugam, R."]
[Result "1-0"]
[WhiteElo "2579"]
[BlackElo "2291"]
[PlyCount "49"]
[EventDate "2011.07.30"]
[EventRounds "9"]
[EventCountry "GRE"]

1. Nf3 d5 2. c4 c6 3. e3 e6 4. b3 Nd7 5. Bb2 Ngf6 6. Be2 Bd6 7. Nc3 a6 8. d4
Ne4 9. Nxe4 dxe4 10. Nd2 f5 11. Qc2 Nf6 12. f3 exf3 13. gxf3 Qe7 14. O-O-O e5
15. c5 Bc7 16. dxe5 Nd7 17. Nc4 O-O 18. Nd6 Nxe5 19. Qc3 Nd7 20. Nxc8 Raxc8 21.
Rxd7 Qxd7 22. Rg1 Be5 23. Qxe5 Rc7 24. Bc4+ Kh8 25. Rxg7 1-0

[Event "Kavala GRE, 20th Open"]
[Site "Kavala GRE"]
[Date "2011.08.01"]
[Round "4"]
[White "Fakhiridou, E."]
[Black "Markidis, K."]
[Result "0-1"]
[WhiteElo "2183"]
[BlackElo "2330"]
[PlyCount "72"]
[EventDate "2011.07.30"]
[EventRounds "9"]
[EventCountry "GRE"]

1. e4 e6 2. Nf3 d5 3. d3 c5 4. Nbd2 Nc6 5. g3 g6 6. Bg2 Bg7 7. O-O Nf6 8. Re1
O-O 9. Qe2 b6 10. Nf1 e5 11. exd5 Nxd5 12. Ne3 Nde7 13. h3 f6 14. a4 Be6 15.
Kh2 Qd7 16. Nc4 Rad8 17. a5 b5 18. Ncd2 Qc7 19. Ne4 c4 20. Qe3 cxd3 21. cxd3
Nb4 22. Bd2 Nxd3 23. Rec1 Nxc1 24. Rxc1 Qb8 25. Qa3 Nd5 26. Nc5 Bf7 27. a6 b4
28. Qa4 Rfe8 29. Nb7 Rc8 30. Rd1 Bf8 31. Be1 Qc7 32. Ng1 e4 33. Qb5 Qc4 34. Bf1
Qxb5 35. Bxb5 Re5 36. Ba4 Nb6 0-1

[Event "Kavala GRE, 20th Open"]
[Site "Kavala GRE"]
[Date "2011.08.01"]
[Round "4"]
[White "Galopoulos, N."]
[Black "Osmanoglou, H."]
[Result "1-0"]
[WhiteElo "2327"]
[BlackElo "2154"]
[PlyCount "67"]
[EventDate "2011.07.30"]
[EventRounds "9"]
[EventCountry "GRE"]

1. d4 d5 2. c4 e6 3. Nf3 Nf6 4. g3 Bb4+ 5. Nbd2 c6 6. Qc2 O-O 7. Bg2 Nbd7 8.
O-O Qe7 9. e4 dxe4 10. Nxe4 Nxe4 11. Qxe4 Bd6 12. Re1 h6 13. b3 Re8 14. Bb2 Ba3
15. Bc3 Bb4 16. Bxb4 Qxb4 17. Rad1 a5 18. Qc2 Nf6 19. Ne5 Qd6 20. c5 Qc7 21.
Nc4 Nd7 22. Qc3 Rd8 23. Be4 Nf6 24. Bb1 Ra6 25. Qc2 Rd5 26. Re3 g6 27. Ne5 Ra8
28. Rf3 Rxe5 29. dxe5 Qxe5 30. Qd2 Kg7 31. Re1 Qxc5 32. Qb2 Qe7 33. Qe5 g5 34.
Re4 1-0

[Event "Kavala GRE, 20th Open"]
[Site "Kavala GRE"]
[Date "2011.08.01"]
[Round "4"]
[White "Kanmazalp, O."]
[Black "Aftsoglou, I."]
[Result "1-0"]
[WhiteElo "2412"]
[BlackElo "2186"]
[PlyCount "111"]
[EventDate "2011.07.30"]
[EventRounds "9"]
[EventCountry "GRE"]

1. e4 c5 2. Nf3 Nc6 3. Nc3 e6 4. d4 cxd4 5. Nxd4 a6 6. Be2 Nge7 7. Nb3 Ng6 8.
Be3 b5 9. f4 Be7 10. Qd2 Na5 11. Nxa5 Qxa5 12. O-O Qc7 13. g3 Bb7 14. Bf3 O-O
15. Rad1 Rfd8 16. Qf2 Rac8 17. Rd2 Bc5 18. Bxc5 Qxc5 19. Qxc5 Rxc5 20. e5 Bxf3
21. Rxf3 Rc4 22. Rfd3 Nf8 23. b3 Rc6 24. Ne4 b4 25. Rd6 Rdc8 26. Rxc6 Rxc6 27.
Kf1 f6 28. exf6 d5 29. fxg7 Kxg7 30. Nf2 Nd7 31. f5 exf5 32. Rxd5 Nf6 33. Rxf5
Rxc2 34. Ra5 h5 35. Kg1 Rd2 36. Rxa6 Rc2 37. Ra5 Rd2 38. Ra7+ Kf8 39. Ra8+ Ke7
40. Ra7+ Kd8 41. a3 bxa3 42. Rxa3 Nd5 43. Kg2 Ne3+ 44. Kf3 Nc2 45. Ra5 Ne1+ 46.
Ke3 Rb2 47. Ne4 Rxh2 48. Rd5+ Kc7 49. Rd1 Nc2+ 50. Kf3 Kb6 51. Nf2 Kb5 52. Rd2
Ne1+ 53. Ke2 Ng2 54. Rd4 h4 55. g4 h3 56. g5 1-0

[Event "Kavala GRE, 20th Open"]
[Site "Kavala GRE"]
[Date "2011.08.01"]
[Round "4"]
[White "Kaplan, S."]
[Black "Filippas, S."]
[Result "0-1"]
[WhiteElo "2436"]
[BlackElo "2246"]
[PlyCount "126"]
[EventDate "2011.07.30"]
[EventRounds "9"]
[EventCountry "GRE"]

1. e4 c5 2. Nf3 d6 3. d4 cxd4 4. Nxd4 Nf6 5. Nc3 g6 6. Be3 Bg7 7. f3 Nc6 8. Qd2
Bd7 9. O-O-O Rc8 10. Kb1 Ne5 11. h3 O-O 12. g4 a6 13. h4 h5 14. gxh5 Nxh5 15.
Rg1 Rxc3 16. bxc3 Qa5 17. Nb3 Qc7 18. Be2 Kh7 19. Bd4 Bh6 20. Be3 Bg7 21. Rg5
Bb5 22. Bd4 f6 23. Rgg1 Bh6 24. Qe1 Bxe2 25. Qxe2 Nc4 26. Rg4 e5 27. Bc5 b5 28.
Bf2 Rc8 29. Be1 a5 30. Qf2 Be3 31. Qg2 a4 32. Nc1 Bxc1 33. Rxc1 Ne3 34. Qf2 Qc5
35. Ka1 Nxg4 36. Qxc5 Rxc5 37. fxg4 Nf4 38. Rd1 d5 39. Bf2 Rc6 40. exd5 Rd6 41.
g5 fxg5 42. hxg5 Rxd5 43. Rh1+ Kg7 44. Kb2 Kf7 45. Be3 Ke6 46. Rh8 Kf5 47. Rf8+
Kxg5 48. c4 bxc4 49. Kc3 Rd7 50. Rc8 Kf5 51. Kxc4 g5 52. Kb5 g4 53. c4 Ke4 54.
Bb6 g3 55. Rg8 g2 56. c5 Rd2 57. c6 Rb2+ 58. Ka5 Nd5 59. Bc5 Rxa2 60. Bd6 a3
61. Rg5 Rc2 62. Bxe5 a2 63. Ka4 Nc3+ 0-1

[Event "Kavala GRE, 20th Open"]
[Site "Kavala GRE"]
[Date "2011.08.01"]
[Round "4"]
[White "Kohlweyer, B."]
[Black "Gupta, A."]
[Result "0-1"]
[WhiteElo "2494"]
[BlackElo "2627"]
[PlyCount "50"]
[EventDate "2011.07.30"]
[EventRounds "9"]
[EventCountry "GRE"]

1. c4 Nf6 2. Nc3 d5 3. cxd5 Nxd5 4. g3 g6 5. Bg2 Nxc3 6. bxc3 Bg7 7. Rb1 Nc6 8.
h4 h6 9. Qa4 O-O 10. d4 Bd7 11. Qa3 b6 12. h5 g5 13. f4 g4 14. e4 Na5 15. Ne2
Rc8 16. f5 c5 17. O-O cxd4 18. cxd4 Rc2 19. Qd3 Qc7 20. f6 exf6 21. Nf4 Be6 22.
Bd2 Bxa2 23. Rb5 Qc4 24. Bxa5 Qxd3 25. Nxd3 Bc4 0-1